01163 2200361 4500001002100000005001500021035002000036007000300056040001700059100003200076245015200108250001200260300003500272041000800307082001000315084001600325090002000341264003400361336002100395337003000416338002300446650001100469850001000480008004100490700004000531700003900571700004100610700003800651020001800689500004800707990002300755990002300778INLIS00000000000816420260529081229 a0010-0922000653ta aSBPUPADbind0 aLauren FloodgateePengarang1 aKreasi Kreatif Kamar Anak /cLauren Floodgate ;Pengarang-2 Nikki Haslam ;Pengarang-3,Gill Brewis ;Pengarang-4,Karen O'Grady ;Editor,Widya Handayani a.-cet.1 a144 hlm :bilus. ;c21 x 28 cm07aind a701.5 a701.5 LAU k a702 AMI a L22-6 a.--Jakarta :bErlangga,c2006 2rdacontentateks 2rdamediaatanpa perantara 2rdacarrieravolume 4aKreasi aPUPAD260529 0 0 aPengarang-2 Nikki HaslamePengarang0 aPengarang-3,Gill BrewisePengarang0 aPengarang-4,Karen O'GradyePengarang0 aEditor,Widya HandayaniePengarang a979-781-503-X aIndeks,hlm 140-143 ;Tentang Penulis,hlm 144 a6759/BR/ARPUS/2007 a6760/BR/ARPUS/2007